00948naa a2200205 i 4500001000400000003000400004005001700008008003900025040000800064041000800072044000800080100013900088245008700227260001000314500004200324500012400366655003000490711011000520773011200630BPPBPK20180427105434.0151201s1998 pl f |100 0 eng cBPK aeng aPOL aMAZUREK, Andrzej.d1996 - .bPolitechnika Koszalińska - Wydział Elektroniki,cKatedra Teorii Obwodów i Układów Elektronicznych aA new concept of switched transconductance amplifiers circuits /cAndrzej Mazurek. c1998. aDane z bibliografii załącznikowej. asprawozdanie jednostki (Informator o publikowanych wynikach prac naukowo-badawczych w 2001 roku Wydziału Elektroniki). 0aMateriały konferencyjne. aNat. Conf. on Circuit Theory and Electronic Networksn(21 ;d1998.10.22-24 ;cPoznań - Kiekrz, Polska). iW :tProc. XXIst National Conference on Network Theory and Electronic Circuits. Vol. 2. -g1998, s. 401-406